Language Quiz

Random Language or City Quiz

Korean nouns - City Quiz Stats

 Plays Quiz not verified by Sporcle

Challenge
Share
Tweet
Embed
Score 0/19 Timer 10:00
0 Plays Today
Hint Answer % Correct
Car
94.6%
House
94.6%
Teacher선생님
81.1%
Wind바람
81.1%
Way/road
78.4%
Flower
75.7%
Door
73%
Restaurant 식당
67.6%
Town/City 도시
64.9%
Market시장
59.5%
Hint Answer % Correct
Window창문
56.8%
Shop가게
54.1%
Passport여권
48.6%
Sunlight햇살
48.6%
Air공이
43.2%
Darkness 어둠
37.8%
Doctor박사님
35.1%
Road/Street거리
32.4%
Street light 가로등
16.2%

You're not logged in!

Compare scores with friends on all Sporcle quizzes.
Join for Free
OR
Log In

You Might Also Like...

Show Comments

Extras

Created Jan 14, 2017ReportNominate
Tags:City Quiz, korean, noun

Top Quizzes Today


Score Distribution

Your Account Isn't Verified!

In order to create a playlist on Sporcle, you need to verify the email address you used during registration. Go to your Sporcle Settings to finish the process.

Report this User

Report this user for behavior that violates our Community Guidelines.

Details: